[Event "84th ESP-ch 2019"]
[Site "Marbella"]
[Date "2019.11.17"]
[Round "2.21"]
[White "Garcia Vicente, Nieves"]
[Black "Ladron De Guevara Pinto, Paolo"]
[Result "0-1"]
[WhiteElo "2175"]
[BlackElo "2442"]
[Annotator "TA"]
[PlyCount "118"]
[EventDate "2019.11.16"]
[EventType "swiss"]
[EventCountry "ESP"]
[SourceTitle "playchess.com"]
[Source "ChessBase"]
[SourceQuality "1"]

{[%evp 21,118,55,57,69,85,34,80,70,179,164,217,211,277,282,257,249,250,227,227,231,225,219,218,216,214,105,101,105,98,102,114,119,119,110,118,118,118,92,110,100,107,107,100,98,107,97,97,106,103,94,91,44,108,72,194,183,167,64,75,0,0,0,0,0,15,0,-9,-176,-156,-175,-152,-210,-283,-253,-12,-12,-17,-206,0,0,0,-27,-34,-25,-34,-985,-948,-608,-101,-12842,-560,-12843,-12843,-12845,-12845,-12845,-12846,-12846,-12847]} 1. d4 g6 2. c4 Bg7 3. e4 d6 4. Nc3 Nd7 5. Be3 e5 6. Nf3 Ngf6 7. Be2 O-O 8. O-O exd4 9. Nxd4 Re8 10. f3 c6 11. Qd2 d5 12. cxd5 {E94: King's Indian: Classical: 6 Be2 e5 7 0-0: Various Black 7th moves} cxd5 13. Ndb5 ({Of course not} 13. exd5 Nb6 $11) (13. Nxd5 $6 Nxd5 14. exd5 Nb6 $11) (13. Rad1 $1 $16) 13... Nb6 (13... dxe4 14. Nd6 Rf8 15. fxe4 Ne5 16. Rad1 Be6 17. Bg5 Qb6+ 18. Kh1 Ne8 19. Nf5 gxf5 {½-½ (19) Wang,Y (2736)-Peng,X (2590) China 2008}) 14. Bf4 {White is better.} d4 $146 (14... Re7 $14) ({Predecessor:} 14... Re7 15. Rfd1 Be6 16. Bg5 a6 17. Nd4 Qd6 18. Kh1 Ree8 19. Nxe6 Qxe6 20. exd5 Nfxd5 21. Nxd5 Qxd5 22. Qxd5 Nxd5 {1-0 (62) Vandevoort,P (2388)-Noiroux,K (2154) Charleroi 2012}) 15. Rad1 ({Worse is} 15. Nxd4 Nxe4 16. Nxe4 Qxd4+ 17. Qxd4 Bxd4+ 18. Kh1 Bxb2 $17) (15. Qxd4 $2 Qxd4+ 16. Nxd4 Nfd5 $17) 15... Nh5 (15... a6 $142) 16. Bg5 $18 f6 {[#]} 17. Be3 $1 {[%mdl 512]} f5 (17... dxe3 18. Qxd8) 18. Bxd4 Be6 19. Bxg7 Qxd2 20. Rxd2 Nxg7 21. Rfd1 Rec8 22. Nd6 Rc7 23. Nd5 (23. e5 $18 {has better winning chances.}) 23... Bxd5 $16 24. exd5 a6 {...Rd8 would now be nice for Black.} 25. b3 Rd8 26. Nc4 Nxc4 27. bxc4 Ne8 28. Rc2 Rc5 29. Rb2 Nd6 30. Rb6 Rd7 31. Rd4 Kf7 32. Kf2 Ke7 33. h4 Kd8 34. Ke3 Kc7 35. Rb2 h6 36. g4 Re7+ (36... g5 $14) 37. Kf4 b5 (37... fxg4 $16 {is a better defense.} 38. Kxg4 (38. fxg4 Rf7+ 39. Kg3 Re7 $14) 38... Rg7) 38. cxb5 $18 axb5 39. a4 (39. g5 $1 $18) 39... fxg4 $14 40. fxg4 ({White should try} 40. Kxg4 $16 {[%cal Ra4b5]} Re5 41. axb5) 40... Rc3 $11 41. Bd3 Rf7+ 42. Kg3 bxa4 43. Kg2 a3 44. Ra2 $2 (44. Rc2 $11 Rxc2+ 45. Bxc2) 44... g5 $19 45. hxg5 hxg5 46. Be2 (46. Bf5 $17 {was worth a try.}) 46... Kb6 47. Rb4+ Kc5 $2 (47... Ka5 $1 $19 {[%cal Ra5b4]} 48. Rd4 Rb7) 48. Ra4 $11 Re7 {...Ree3 is the strong threat.} 49. Bd1 $2 {[#]} (49. Ra5+ $11 Kb4 50. Ra6) 49... Re1 $2 (49... Ree3 $1 $19 {Strongly threatening ...Ne4.} 50. Kf1 Kxd5 51. Ra5+ Kc6 52. Rxg5 Ne4) 50. Be2 Rb3 {Hoping for ...Rb2!} 51. Kf2 Rb2 52. Kxe1 Rxa2 $15 {[%mdl 4096] Endgame KRB-KRN} 53. Ra5+ $2 {[%mdl 8192]} (53. Kf2 $15) 53... Kb4 $19 54. Ra6 {[#]} Ne4 $2 (54... Rb2 $1 $19 {White must now prevent ...a2.} 55. Rxd6 a2) 55. d6 $2 {[%mdl 8192]} (55. Bf3 $17 Kb5 56. Ra8) 55... Ra1+ {Black is clearly winning.} 56. Bd1 Nc3 57. Kd2 Rxd1+ 58. Kc2 Rd5 {( -> ...Na4)} 59. Rb6+ Nb5 {Accuracy: White = 38%, Black = 52%.} 0-1

[Event "84th ESP-ch 2019"]
[Site "Marbella"]
[Date "2019.11.17"]
[Round "2.22"]
[White "Valmana Canto, Jaime"]
[Black "Jaime Montalvan, Luis Felipe"]
[Result "1-0"]
[WhiteElo "2416"]
[BlackElo "2167"]
[Annotator "RC"]
[PlyCount "81"]
[EventDate "2019.11.16"]
[EventType "swiss"]
[EventCountry "ESP"]
[SourceTitle "playchess.com"]
[Source "ChessBase"]
[SourceQuality "1"]
[TimeControl "5400+30"]

1. c4 {[%emt 0:05:01]} e5 {[%emt 0:01:59]} 2. Nc3 {[%emt 0:00:09]} Nf6 {[%emt 0:01:07]} 3. Nf3 {[%emt 0:00:09]} d6 {[%emt 0:00:12]} 4. d4 {[%emt 0:00:28]} Nbd7 {[%emt 0:00:29]} 5. g3 {[%emt 0:00:24]} g6 {[%emt 0:00:13]} 6. Bg2 {[%emt 0:00:06]} Bg7 {[%emt 0:00:01]} 7. O-O {[%emt 0:00:11]} O-O {[%emt 0:00:09]} 8. b3 {[%emt 0:01:32]} Re8 {[%emt 0:00:14]} 9. Bb2 {[%emt 0:06:04]} c6 {[%emt 0:03:54]} 10. Qc2 {[%emt 0:27:01]} exd4 {[%emt 0:03:55]} 11. Nxd4 {[%emt 0:00:10]} a5 {[%emt 0:00:18]} 12. Rad1 {[%emt 0:01:35]} Qc7 {[%emt 0:00:22]} 13. a3 {[%emt 0:01:21]} Nb6 {[%emt 0:06:46]} 14. Nb1 {[%emt 0:12:24]} d5 {[%emt 0:09:03]} 15. cxd5 {[%emt 0:02:40]} Nbxd5 {[%emt 0:07:20]} 16. e4 {[%emt 0:00:15]} Nb6 {[%emt 0:00:26]} 17. Nc3 {[%emt 0:05:05]} Bg4 {[%emt 0:02:51]} 18. f3 {[%emt 0:00:10]} Bd7 {[%emt 0:00:39]} 19. Bc1 {[%emt 0:02:54]} Nh5 {[%emt 0:27:02]} 20. Nde2 {[%emt 0:06:12]} f5 {[%emt 0:14:04]} 21. Nb5 {[%emt 0:02:33]} Qb8 {[%emt 0:00:17]} 22. Nd6 {[%emt 0:00:32]} Re6 {[%emt 0:00:46]} 23. Nc4 {[%emt 0:03:57]} Nxc4 {[%emt 0:00:28]} 24. Qxc4 {[%emt 0:00:07]} b5 {[%emt 0:00:47]} 25. Qc5 {[%emt 0:02:40]} Bf8 {[%emt 0:05:23]} 26. Qf2 {[%emt 0:00:22]} Qa7 {[%emt 0:12:12]} 27. Be3 {[%emt 0:03:13]} Qc7 {[%emt 0:00:02]} 28. Bh3 {[%emt 0:10:41]} Bxa3 {[%emt 0:00:30]} 29. exf5 {[%emt 0:00:17]} Re7 {[%emt 0:00:21]} 30. Nd4 {[%emt 0:01:44]} gxf5 {[%emt 0:02:12]} 31. Nxf5 {[%emt 0:00:29]} Bxf5 {[%emt 0:00:29]} 32. Bxf5 {[%emt 0:00:06]} Rae8 {[%emt 0:00:18]} 33. Bb6 {[%emt 0:03:00]} Qe5 {[%emt 0:00:43]} 34. Bd7 {[%emt 0:00:27]} Rb8 {[%emt 0:00:45]} 35. Rfe1 {[%emt 0:02:04]} Qc3 {[%emt 0:00:17]} 36. Rxe7 {[%emt 0:00:20]} Rxb6 {[%emt 0:00:50]} 37. Re8+ {[%emt 0:01:25]} Kf7 {[%emt 0:00:32]} 38. Qe2 {[%emt 0:00:07]} Nf6 {[%emt 0:00:05]} 39. Qe6+ {[%emt 0:00:58]} Kg7 {[%emt 0:00:22]} 40. Qe5 {[%emt 0:00:35]} Qxf3 {[%emt 0:00:56]} 41. Rf1 {[%emt 0:00:19]} 1-0

[Event "84th ESP-ch 2019"]
[Site "Marbella"]
[Date "2019.11.17"]
[Round "2.23"]
[White "Donado-Mazarron Gomez, Miguel"]
[Black "Garza Marco, Sergio"]
[Result "1/2-1/2"]
[WhiteElo "2171"]
[BlackElo "2400"]
[Annotator "TA"]
[PlyCount "84"]
[EventDate "2019.11.16"]
[EventType "swiss"]
[EventCountry "ESP"]
[SourceTitle "playchess.com"]
[Source "ChessBase"]
[SourceQuality "1"]

{[%evp 17,84,76,67,28,56,23,27,11,12,-15,2,0,0,-23,0,-19,0,-81,-65,-75,-84,-66,-38,-30,-19,-89,-89,-80,-70,-136,-25,-33,-17,-25,0,-21,0,0,0,-52,0,-7,0,-14,0,-48,-51,-43,0,-8,-17,-59,0,0,0,0,0,0,0,0,0,0,0,0,0,0,1,1,72]} 1. d4 Nf6 2. c4 c5 3. d5 e6 4. Nc3 d6 5. e4 g6 6. Bd3 Bg7 7. h3 O-O 8. Nf3 Na6 9. O-O Nc7 10. Bf4 {E90: King's Indian: Classical: Early deviations and 6 h3} (10. Re1 Re8 11. Bg5 h6 12. Bh4 g5 13. Bg3 Nh5 14. Bh2 Nf4 15. Bxf4 gxf4 16. dxe6 Nxe6 17. Qd2 Be5 18. Be2 Ng5 19. Nxe5 dxe5 20. Qxd8 Rxd8 {½-½ (59) Parligras,M (2613)-Ivanisevic,I (2582) Baile Govora 2017}) 10... Rb8 11. Bh2 $146 ({Predecessor:} 11. dxe6 Bxe6 12. Be2 Nfe8 13. Qd2 a6 14. a4 b5 15. axb5 axb5 16. cxb5 Bd7 17. e5 Nxb5 {½-½ (33) Yeke,S (2174)-Tepe,E (1925) Konya 2016}) 11... e5 12. Nd2 {White has an edge.} Nh5 13. Ne2 f5 14. exf5 gxf5 15. Rb1 Kh8 16. Kh1 Qh4 17. f4 (17. Qa4 $11 {remains equal.}) 17... e4 $17 18. Bc2 b5 19. b3 Bd7 20. Qe1 Qe7 21. Bg1 (21. Rg1 $11) 21... a5 22. Be3 a4 23. Rg1 (23. bxa4 $1 $15 bxc4 24. Nxc4) 23... Nf6 (23... axb3 $17 24. axb3 Na6) 24. Nf1 $1 $11 axb3 25. axb3 Ra8 26. Bc1 Ra2 27. Ne3 Nh5 28. Bd1 ({White should play} 28. Nc3 $11 Raa8 29. Ne2) 28... b4 29. g3 Qf6 30. Rg2 Qh6 31. Ng1 Bc3 32. Qf1 Ra7 33. Bb2 Bxb2 34. Rbxb2 Rg8 (34... Rfa8 $15) 35. Bxh5 {The position is equal.} Qxh5 36. Qe2 Qxe2 37. Nxe2 h5 38. g4 Ra1+ 39. Kh2 fxg4 40. hxg4 Bxg4 41. Nxg4 hxg4 42. Ng3 e3 {Accuracy: White = 38%, Black = 33%.} (42... Ne8 $1 $11 {keeps the balance.}) 1/2-1/2

[Event "84th ESP-ch 2019"]
[Site "Marbella"]
[Date "2019.11.17"]
[Round "2.24"]
[White "Merario Alarcon, Andres"]
[Black "Guadamuro Torrente, Anabel"]
[Result "1-0"]
[WhiteElo "2394"]
[BlackElo "2145"]
[Annotator "TA"]
[PlyCount "49"]
[EventDate "2019.11.16"]
[EventType "swiss"]
[EventCountry "ESP"]
[SourceTitle "playchess.com"]
[Source "ChessBase"]
[SourceQuality "1"]

{[%evp 18,49,94,93,86,78,96,83,149,36,47,37,51,26,12,13,55,12,4,18,74,21,63,21,21,17,60,42,890,750,1114,1107,29991,29992]} 1. d4 c5 2. d5 Nf6 3. c4 e5 4. Nc3 d6 5. e4 Be7 6. g3 O-O 7. Bg2 Nbd7 8. Nge2 Ne8 9. O-O g6 10. Bh6 Ng7 {A56: Czech Benoni} 11. Qd2 f5 (11... Nf6 12. h3 Kh8 13. Rae1 Ng8 14. Be3 f5 15. f4 Bf6 16. fxe5 Bxe5 17. Bf4 Bxf4 18. Nxf4 g5 19. Nd3 fxe4 20. Nxe4 h6 21. Rxf8 Qxf8 {1-0 (42) Sumets,A (2551)-Klimov,S (2492) Urmia 2016}) 12. f4 exf4 (12... Rf7 $142) 13. exf5 $146 ({But not} 13. Bxf4 $6 g5 $11) ({Of course not} 13. Qxf4 $6 Ne5 $11) ({Don't take} 13. gxf4 $6 Nb6 $14) (13. Rxf4 $6 Ne5 $11) (13. Nxf4 $16 Ne5 14. Ne6 Nxc4 15. Qc2 (15. Nxd8 Nxd2 16. Nc6 bxc6 $14) 15... Bxe6 16. dxe6) ({Predecessor:} 13. gxf4 Bf6 14. exf5 gxf5 15. Rae1 Rf7 16. Ng3 Nf8 17. Re2 Bd7 18. Rfe1 {0-1 (43) Andrejic,V (2199)-Kosanovic,G (2369) Srebrno Jezero 2013}) 13... f3 $14 14. Bxf3 {Nf4 is the strong threat.} Ne5 $1 15. b3 Nxf3+ 16. Rxf3 {[#] aiming for g4.} Rxf5 17. Raf1 Rxf3 $1 18. Rxf3 {Threatening Bxg7.} Bf5 {[#]} (18... Bg4 $11 {remains equal.} 19. Rf4 Bxe2) 19. Nf4 (19. Nd1 $1 $16) 19... Bf6 20. Bxg7 Bxg7 21. Ne6 $36 {[%mdl 2048] White has the initiative.} Bxe6 22. dxe6 Qa5 $2 {[%mdl 8192]} (22... Qe7 $14) 23. e7 $18 Bd4+ 24. Kg2 {Black must now prevent Qf4.} Re8 25. Qf4 {Accuracy: White = 37%, Black = 26%.} 1-0

[Event "84th ESP-ch 2019"]
[Site "Marbella"]
[Date "2019.11.17"]
[Round "2.25"]
[White "Vega Gutierrez, Belinda"]
[Black "Suarez Uriel, Adrian"]
[Result "1/2-1/2"]
[WhiteElo "2161"]
[BlackElo "2389"]
[Annotator "RC"]
[PlyCount "128"]
[EventDate "2019.11.16"]
[EventType "swiss"]
[EventCountry "ESP"]
[SourceTitle "playchess.com"]
[Source "ChessBase"]
[SourceQuality "1"]
[TimeControl "5400+30"]

1. e4 {[%emt 0:00:00]} c5 {[%emt 0:00:00]} 2. Nf3 {[%emt 0:00:14]} Nc6 {[%emt 0:00:00]} 3. d4 {[%emt 0:00:07]} cxd4 {[%emt 0:00:00]} 4. Nxd4 {[%emt 0:00:10]} Nf6 {[%emt 0:00:00]} 5. Nc3 {[%emt 0:00:10]} e5 {[%emt 0:00:00]} 6. Ndb5 {[%emt 0:02:40]} d6 {[%emt 0:00:00]} 7. Bg5 {[%emt 0:00:16]} a6 {[%emt 0:00:05]} 8. Na3 {[%emt 0:00:00]} b5 {[%emt 0:00:00]} 9. Nd5 {[%emt 0:00:00]} Be7 {[%emt 0:00:00]} 10. Bxf6 {[%emt 0:00:45]} Bxf6 11. c4 b4 {[%emt 0:00:26]} 12. Nc2 {[%emt 0:00:37]} a5 {[%emt 0:00:05]} 13. g3 {[%emt 0:05:23]} O-O {[%emt 0:00:34]} 14. Bg2 Bg5 {[%emt 0:00:00]} 15. O-O {[%emt 0:00:59]} Ne7 {[%emt 0:00:12]} 16. b3 {[%emt 0:02:46]} Nxd5 {[%emt 0:00:02]} 17. Qxd5 Be6 {[%emt 0:00:03]} 18. Qd3 {[%emt 0:00:45]} Qb6 {[%emt 0:00:30]} 19. Rad1 {[%emt 0:26:03]} Rfd8 {[%emt 0:36:52]} 20. Kh1 {[%emt 0:04:07]} Bh6 {[%emt 0:21:32]} 21. f4 {[%emt 0:08:18]} a4 {[%emt 0:06:24]} 22. Ne3 {[%emt 0:08:49]} g6 {[%emt 0:01:58]} 23. Nd5 {[%emt 0:00:13]} Bxd5 {[%emt 0:01:53]} 24. Qxd5 {[%emt 0:00:10]} Ra5 {[%emt 0:02:39]} 25. Qd3 {[%emt 0:07:15]} Bg7 {[%emt 0:05:34]} 26. f5 {[%emt 0:00:30]} Bh6 {[%emt 0:02:59]} 27. Qf3 {[%emt 0:02:55]} Ra7 {[%emt 0:00:50]} 28. Rd3 {[%emt 0:00:54]} axb3 {[%emt 0:01:14]} 29. axb3 {[%emt 0:07:54]} Rda8 {[%emt 0:00:18]} 30. fxg6 {[%emt 0:00:34]} hxg6 {[%emt 0:03:34]} 31. Qf6 {[%emt 0:04:24]} Bf8 {[%emt 0:07:11]} 32. h4 {[%emt 0:05:11]} Qc7 {[%emt 0:00:30]} 33. h5 {[%emt 0:00:30]} Qe7 {[%emt 0:01:49]} 34. hxg6 Qxf6 35. Rxf6 {[%emt 0:02:03]} fxg6 {[%emt 0:00:10]} 36. Rxg6+ {[%emt 0:00:30]} Kf7 {[%emt 0:00:01]} 37. Rg5 {[%emt 0:00:22]} Kf6 {[%emt 0:03:55]} 38. Rf5+ {[%emt 0:00:21]} Kg6 {[%emt 0:00:01]} 39. Kg1 {[%emt 0:10:04]} Be7 {[%emt 0:02:07]} 40. Bh3 {[%emt 0:01:39]} Rh8 {[%emt 0:01:04]} 41. Bg4 {[%emt 0:00:04]} Ra1+ {[%emt 0:00:19]} 42. Rf1 {[%emt 0:01:47]} Ra2 {[%emt 0:00:59]} 43. Rf2 {[%emt 0:00:08]} Rh1+ {[%emt 0:00:53]} 44. Kxh1 {[%emt 0:00:25]} Rxf2 {[%emt 0:00:01]} 45. Kg1 {[%emt 0:00:12]} Rc2 {[%emt 0:00:05]} 46. Kf1 {[%emt 0:01:07]} Kg5 {[%emt 0:00:29]} 47. Bd1 {[%emt 0:00:29]} Rb2 {[%emt 0:00:52]} 48. Ke1 {[%emt 0:00:45]} Rh2 {[%emt 0:00:52]} 49. Be2 {[%emt 0:00:41]} Kg6 {[%emt 0:00:56]} 50. Rd5 {[%emt 0:00:48]} Rg2 {[%emt 0:01:13]} 51. Rd3 {[%emt 0:00:02]} Rh2 {[%emt 0:00:57]} 52. Kf1 {[%emt 0:01:10]} Rh1+ {[%emt 0:00:14]} 53. Kf2 {[%emt 0:00:12]} Kf7 {[%emt 0:00:51]} 54. Bg4 {[%emt 0:00:55]} Rh2+ {[%emt 0:00:55]} 55. Ke1 {[%emt 0:00:32]} Rb2 {[%emt 0:00:27]} 56. Be2 {[%emt 0:00:31]} Ke8 {[%emt 0:00:24]} 57. Bg4 {[%emt 0:00:27]} Bd8 {[%emt 0:01:11]} 58. Bd1 {[%emt 0:00:18]} Ke7 {[%emt 0:00:08]} 59. Rd2 {[%emt 0:00:39]} Rb1 {[%emt 0:00:11]} 60. Ke2 {[%emt 0:00:09]} Bb6 {[%emt 0:00:10]} 61. Kd3 {[%emt 0:00:54]} Bd4 {[%emt 0:00:18]} 62. Ke2 {[%emt 0:00:31]} Kf6 {[%emt 0:00:32]} 63. Ra2 {[%emt 0:00:21]} Kg5 {[%emt 0:00:11]} 64. Kd2 {[%emt 0:00:19]} Ra1 {[%emt 0:01:43]} 1/2-1/2

[Event "84th ESP-ch 2019"]
[Site "Marbella"]
[Date "2019.11.17"]
[Round "2.26"]
[White "Vega Gutierrez, Sabrina"]
[Black "Collado Barbas, Laura"]
[Result "1-0"]
[WhiteElo "2374"]
[BlackElo "2142"]
[Annotator "TA"]
[PlyCount "57"]
[EventDate "2019.11.16"]
[EventType "swiss"]
[EventCountry "ESP"]
[SourceTitle "playchess.com"]
[Source "ChessBase"]
[SourceQuality "1"]

{[%evp 9,57,30,35,36,57,55,72,66,76,59,107,79,94,93,91,68,58,71,225,208,217,257,236,218,421,405,373,395,438,424,521,513,628,602,932,939,883,831,911,916,904,918,1106,1487,1482,1465,1470,1470,29990,2441]} 1. e4 e6 2. Qe2 Ne7 3. d4 d5 4. Nf3 dxe4 $146 ({Predecessor:} 4... b6 5. Bg5 Ba6 6. Qe3 Bxf1 7. Rxf1 dxe4 8. Qxe4 Qd5 9. Nc3 Qxe4+ 10. Nxe4 h6 {1-0 (30) Bauer,C (2624)-Choukri,A (2199) Vandoeuvre 2015}) 5. Qxe4 Nd7 6. Bd3 {C00: French: Unusual White 2nd moves} Nf6 7. Qe2 Ng6 8. h4 {White is better.} Qd5 9. Bg5 Bd6 10. Nc3 Qa5 11. g3 $36 {[%mdl 2048] White has strong initiative.} Nd5 12. O-O {[#] And now Nxd5 would win.} Nxc3 13. bxc3 Qxc3 $2 (13... O-O $16) 14. Bd2 $18 Qa3 15. Rfb1 {Black must now prevent Rb3.} a6 16. c4 c5 $2 (16... Be7 17. c5 Qa4) 17. Rb3 Qa4 18. dxc5 Bxc5 19. h5 Ne7 20. h6 Qd7 21. Rd1 Nc6 22. hxg7 Rg8 23. Bh6 Qd6 24. Bf4 Qe7 25. Be4 Rxg7 26. Bxc6+ bxc6 27. Ne5 Qc7 28. Qh5 Ke7 {[#]} 29. Qh6 {Accuracy: White = 85%, Black = 19%.} (29. Ng6+ $142 $1 {[%mdl 512]} fxg6 30. Qxc5+ (30. Bxc7 $2 {is the wrong capture.} gxh5 31. Rdd3 Rf7 $19) 30... Kf7 31. Bxc7 g5 32. Qxc6 a5 33. Rf3+ Kg6 34. Qe8+ Kh6 35. Kg2 Rxc7 36. Rf6+ Kg7 37. Qf8#) 1-0

[Event "84th ESP-ch 2019"]
[Site "Marbella"]
[Date "2019.11.17"]
[Round "2.27"]
[White "Berrocal Ruiz, Valentin"]
[Black "Serarols Mabras, Bernat"]
[Result "1-0"]
[WhiteElo "2143"]
[BlackElo "2367"]
[Annotator "TA"]
[PlyCount "79"]
[EventDate "2019.11.16"]
[EventType "swiss"]
[EventCountry "ESP"]
[SourceTitle "playchess.com"]
[Source "ChessBase"]
[SourceQuality "1"]

{[%evp 9,79,21,22,0,0,1,18,14,20,27,14,30,25,16,54,39,46,43,74,61,71,45,64,77,61,0,0,0,0,6,77,-36,-38,-14,0,0,0,0,0,0,60,56,50,40,48,0,0,0,0,-47,-9,-55,0,0,0,0,0,0,0,0,0,0,142,0,19,27,416,402,487,471,476,479]} 1. e4 c6 2. Nc3 d5 3. Nf3 Bg4 4. d4 Nf6 5. h3 Bxf3 $1 6. gxf3 {B11: Caro-Kann: Two Knights Variation} (6. Qxf3 dxe4 7. Qe3 Nbd7 8. Nxe4 Nxe4 9. Qxe4 g6 10. Be2 Bg7 11. O-O O-O 12. Rd1 Re8 13. c3 Qc7 14. d5 c5 15. Bf4 Be5 16. Be3 Rac8 17. a4 {½-½ (44) Bacrot,E (2715)-Ponomariov,R (2699) Biel 2017}) 6... e6 7. Qd3 Qb6 $146 ({Predecessor:} 7... Nbd7 8. Rg1 Nb6 9. a4 g6 10. a5 Nc4 11. a6 b5 12. b3 Nb6 13. Bg5 Be7 14. Bh6 Bf8 15. Bg5 Be7 16. Bh6 Bf8 {½-½ (16) Muniz Pardino,A (2311)-Tazelaar,H (2373) ICCF email 2017}) 8. Bd2 {The position is equal.} Nbd7 9. O-O-O Be7 10. Rg1 g6 11. Kb1 Rd8 12. Bg5 Qc7 13. Qe3 Nb6 14. Bf4 Qc8 15. Be5 O-O 16. h4 Nbd7 17. h5 (17. Bh2 $14) 17... Nxe5 $11 18. dxe5 d4 19. Rxd4 Rxd4 {[#]} (19... Nxh5 $11 20. Rd3 Rxd3 21. cxd3 (21. Bxd3 Kh8 $11) 21... Qc7) 20. Qxd4 ({Worse is} 20. exf6 Bxf6 21. e5 Rfd8 $17) (20. hxg6 $1 $16 Qd8 21. exf6 Bxf6 22. gxh7+ Kh8 23. Bd3) 20... Nxh5 $15 21. f4 Nxf4 {...Qb8 is the strong threat.} 22. Qe3 Nh5 23. Be2 {Strongly threatening Bxh5.} ({Don't play} 23. Qxa7 Qc7 $17) 23... Kh8 $1 24. Rh1 b6 (24... Qc7 $11) 25. Qh3 Rg8 $1 26. f4 Rg7 27. Bxh5 gxh5 28. Qxh5 Qg8 $1 29. f5 Rg5 30. Qh3 Bd8 ({Black should play} 30... Rg1+ $15 31. Nd1 exf5 32. exf5 Rxh1 33. Qxh1 Qg4) 31. Ne2 $11 Bc7 32. Qc3 c5 $1 33. a3 Qg7 34. fxe6 fxe6 35. Qh3 Rxe5 (35... Qg8 $11 {remains equal.}) 36. Rg1 (36. Nf4 $16 Qg8 {[#]} 37. Qh4 $1 {[%mdl 512]} (37. Qh6 Rg5 $11)) 36... Qf7 37. Rf1 $40 {[%mdl 128] White mounts an attack.} Qe7 $2 {[%mdl 8192]} (37... Qh5 $1 $11 38. Rf8+ Kg7) 38. Nf4 $18 {Threatening mate with Ng6+.} Kg8 39. Rg1+ Rg5 40. Qxe6+ {Accuracy: White = 69%, Black = 44%.} 1-0

[Event "84th ESP-ch 2019"]
[Site "Marbella"]
[Date "2019.11.17"]
[Round "2.28"]
[White "Bernabeu Lopez, Carlos Javier"]
[Black "De La Cruz Revilla, Miguel"]
[Result "1/2-1/2"]
[WhiteElo "2366"]
[BlackElo "2138"]
[Annotator "RC"]
[PlyCount "91"]
[EventDate "2019.11.16"]
[EventType "swiss"]
[EventCountry "ESP"]
[SourceTitle "playchess.com"]
[Source "ChessBase"]
[SourceQuality "1"]
[TimeControl "5400+30"]

1. c4 {[%emt 0:00:00]} e5 {[%emt 0:01:06]} 2. Nc3 {[%emt 0:00:00]} Nc6 {[%emt 0:01:19]} 3. g3 {[%emt 0:00:00]} g6 {[%emt 0:00:15]} 4. Bg2 {[%emt 0:00:00]} Bg7 {[%emt 0:00:03]} 5. e4 {[%emt 0:00:00]} d6 {[%emt 0:01:13]} 6. Nge2 {[%emt 0:00:19]} h5 {[%emt 0:03:13]} 7. h3 {[%emt 0:02:06]} Be6 {[%emt 0:00:48]} 8. d3 {[%emt 0:00:13]} Qd7 {[%emt 0:00:09]} 9. Bg5 {[%emt 0:01:55]} Nd4 {[%emt 0:23:38]} 10. Nxd4 {[%emt 0:01:32]} exd4 {[%emt 0:02:09]} 11. Nd5 {[%emt 0:08:09]} f6 {[%emt 0:04:35]} 12. Bd2 {[%emt 0:00:44]} c6 {[%emt 0:01:34]} 13. Nf4 {[%emt 0:00:14]} Bf7 {[%emt 0:00:12]} 14. h4 {[%emt 0:01:15]} Qe7 {[%emt 0:04:28]} 15. Ne2 {[%emt 0:04:34]} c5 {[%emt 0:01:32]} 16. Qa4+ {[%emt 0:00:24]} Qd7 {[%emt 0:01:17]} 17. Qxd7+ {[%emt 0:00:44]} Kxd7 {[%emt 0:00:03]} 18. b4 {[%emt 0:04:22]} Re8 {[%emt 0:01:26]} 19. Bh3+ {[%emt 0:03:37]} Be6 {[%emt 0:03:22]} 20. Bxe6+ {[%emt 0:01:46]} Kxe6 {[%emt 0:00:02]} 21. bxc5 {[%emt 0:01:53]} dxc5 {[%emt 0:00:02]} 22. O-O {[%emt 0:01:17]} Bh6 {[%emt 0:04:25]} 23. f4 {[%emt 0:07:29]} Kd7 {[%emt 0:03:58]} 24. Rfb1 {[%emt 0:01:11]} Kc6 {[%emt 0:00:07]} 25. a4 {[%emt 0:02:06]} Bf8 {[%emt 0:00:56]} 26. Nc1 {[%emt 0:01:24]} Bd6 {[%emt 0:00:33]} 27. Rb2 {[%emt 0:02:28]} Nh6 {[%emt 0:01:27]} 28. Rab1 {[%emt 0:00:54]} b6 {[%emt 0:10:39]} 29. a5 {[%emt 0:10:36]} Bc7 {[%emt 0:00:10]} 30. Ra2 {[%emt 0:11:22]} Ng4 {[%emt 0:00:55]} 31. Ne2 {[%emt 0:01:39]} f5 {[%emt 0:19:34]} 32. e5 {[%emt 0:01:41]} g5 {[%emt 0:00:10]} 33. axb6 {[%emt 0:01:35]} axb6 {[%emt 0:00:26]} 34. hxg5 {[%emt 0:03:08]} h4 {[%emt 0:00:09]} 35. gxh4 {[%emt 0:00:32]} Rxh4 {[%emt 0:00:09]} 36. Be1 {[%emt 0:00:33]} Rh3 {[%emt 0:01:27]} 37. Ng3 {[%emt 0:02:09]} Reh8 {[%emt 0:00:38]} 38. Rbb2 {[%emt 0:09:14]} Bxe5 {[%emt 0:02:58]} 39. fxe5 {[%emt 0:01:18]} f4 {[%emt 0:00:02]} 40. Ra6 {[%emt 0:03:08]} fxg3 {[%emt 0:00:17]} 41. Raxb6+ {[%emt 0:01:35]} Kd7 {[%emt 0:00:55]} 42. Rd6+ {[%emt 0:01:13]} Kc8 {[%emt 0:00:51]} 43. Rc6+ {[%emt 0:06:13]} Kd7 {[%emt 0:00:06]} 44. Rd6+ {[%emt 0:00:16]} Kc8 {[%emt 0:00:05]} 45. Rdb6 {[%emt 0:03:37]} Kd7 {[%emt 0:07:20]} 46. Rd6+ {[%emt 0:01:49]} 1/2-1/2